000
00333nam a22001577a 4500
003
SGT
020
_a
9789390709441
082
_a
612.015
_b
B21L
100
_a
LAL, HARBANS
245
_a
TB. OF BIOCHEMISTRY
250
_a
4TH
260
_a
INDIA
_b
CBS PUB
_c
2021
300
_a
467
650
_a
BIOCHEMISTRY
942
_2
ddc
_c
BK
_0
107
999
_c
21929
_d
21929